00391nam a2200085Ia 4500008004100000245014300041260000900184300008800193650002400281180130s9999 xx 000 0 und d cBanos, Raquel A.; Borge-Holthoefer, Javier; Moreno, YamiraThe role of hidden influentials in the diffusion of online information cascades c2016 aBook title: Knowledge discovery in databases--Acession number C20553; pages 132-147 aKNOWLEDGE DISCOVERY